Normal view
MARC view
Entry Personal Name
001 - CONTROL NUMBER
- control field: 22838
003 - CONTROL NUMBER IDENTIFIER
- control field: ARRUPE
005 - DATE AND TIME OF LATEST TRANSACTION
- control field: 20160309090451.0
008 - FIXED-LENGTH DATA ELEMENTS
- fixed length control field: 160309|| aca||aabn | a|a d
040 ## - CATALOGING SOURCE
- Original cataloging agency: ARRUPE
- Transcribing agency: ARRUPE
100 ## - HEADING--PERSONAL NAME
- Personal name: Céline, Louis-Ferdinand,
- Dates associated with a name: 1894-1961.
- Title of a work: Voyage au bout de la nuit.
670 ## - SOURCE DATA FOUND
- Source citation: Work cat.: (ARRUPE)0: Lalande, Bernard, 1910- 22837, "Voyage au bout de la nuit", Céline :, 1976.